LEADER 01442nam a2200313 i 4500 001 000000078408 003 CaOOAMICUS 005 20030604000000.0 008 030604s1958 fr u000 u mul u 013 $a50645 040 $aSeMil$bita 100 0 $aDionysius : Areopagita,$d.$0(OLS)http://semarc/name/2695 245 13$aLa hiérarchie céleste /$cDenys l'Aréopagite ; introduction par René Roques ; étude et texte critiques par Günther Heil ; traduction et notes par Maurice de Gandillac. 260 $aParis :$bLes Éditions du Cerf,$c1958. 300 $aXCV, 225, [122] p. ;$c20 cm. 490 0 $aSources Chrétiennes ;$vN°58 500 $aTesto greco a fronte. - Dalla biblioteca del card. Giovanni Colombo. 700 1 $aGandillac, Maurice : de,$d<1906-2006>.$0(OLS)http://semarc/name/25413 700 1 $aHeil, Günther,$d<1952-1990>.$0(OLS)http://semarc/name/16962 700 1 $aRoques, René <1917- >.$0(OLS)http://semarc/name/31771 830 0$aSources chrétiennes ;$vN°58.$0(OLS)http://semarc/title/72 850 $aSeMil 852 $aSeMil$W1$xVenegono$y1$mSL1.T II 58$j44338$B44338$CSeMilBibl$Z2$F46004 $8I 900 1 $aDionigi : Areopagita. 941 1 $a3 961 $aLascito: Colombo Card. Giovanni 996 $6245$aLa hiérarchie céleste$9(OLS)http://semarc/title/126783 996 $6260$aParis :$bLes Éditions du Cerf$9(OLS)http://semarc/publisher/29611 LEADER 00949nam a2200205 i 4500 001 000000020979 003 CaOOAMICUS 005 20180830125445.0 008 180830s1974 it u000 u ita u 040 $aSeMil$bita 100 1 $aTaviani, Paolo Emilio,$d<1912-2001>.$0(OLS)http://semarc/name/9389 245 10$aCristoforo Colombo :$bla genesi della grande scoperta /$cPaolo Emilio Taviani. 260 $aNovara :$bIstituto Geografico De Agostini,$c1974. 300 $a2 v. ;$c35 cm. 500 $aVol. conservati insieme in unica custodia. 600 14$aColombo, Cristoforo <1451-1506>.$0(OLS)http://semarc/subject/3282 774 0 $aTaviani, Paolo Emilio <1912-2001>$tVolume primo.$w()153519 774 0 $aTaviani, Paolo Emilio <1912-2001>$tVol. 2.$w()153520 996 $6245$aCristoforo Colombo :$bla genesi della grande scoperta$9(OLS)http://semarc/title/27718 996 $6260$aNovara :$bIstituto Geografico De Agostini$9(OLS)http://semarc/publisher/31865